Introduction to quantum graphs

Αποθηκεύτηκε σε:
Λεπτομέρειες βιβλιογραφικής εγγραφής
Κύριος συγγραφέας: Berkolaiko, Gregory 1976-
Άλλοι συγγραφείς: Kuchment, Peter 1949-
Μορφή: Βιβλίο
Γλώσσα:English
Δημοσίευση: Providence, R.I. : Americam Mathematical Society, c2013
Σειρά:Mathematical surveys and monographs ; ; 186
Θέματα:
Ετικέτες: Προσθήκη ετικέτας
Δεν υπάρχουν, Καταχωρήστε ετικέτα πρώτοι!

MARC

LEADER 00000nam a2200000 i 4500
001 1/63898
008 150116s2013 eng d
020 |a 978-0-8218-9211-4 
035 |l 10120493 
040 |a GR-MY-UA  |b gre  |e aacr 
041 0 |a eng 
082 0 |a 530.12015115  |2 (23) 
100 1 |a Berkolaiko, Gregory  |d 1976- 
245 1 0 |a Introduction to quantum graphs /  |c Gregory Berkolaiko, Peter Kuchment 
260 |a Providence, R.I. :   |b Americam Mathematical Society,   |c c2013 
300 |a xiii, 270 σ.;  |b σχέδια;  |c 27 εκ. 
490 1 |a Mathematical surveys and monographs  |v ; 186 
504 |a Βιβλιογραφία: σ.227-266. Ευρετήριο 
650 0 0 |a Quantum graphs. 
650 0 0 |a Boundary value problems. 
700 1 |a Kuchment, Peter  |d 1949- 
830 0 |a Mathematical surveys and monographs ;  |v ; 186 
852 |a INST  |b SAMOS  |e 20150116  |h 530.12015115 BER  |p 005300041244  |q 005300041244  |t BK  |y 0 
901 |a BIBL3-2015-1 
909 |a Σ  |b 189161 
922 |a 3ΕΛΗ  |b 201405  |c ΤΣΑΧΜ  |d ΔΙΑΔΡΟΜΕΣ 
970 |a ΚΟΣΙΕΡΗΣ  |b ΧΡΗΣΤΟΣ  |z 2015/01/16